000 00262nam a22001217a 4500
008 180122b xxu||||| |||| 00| 0 eng d
041 _aeng
080 _a34
100 _a14
101 _aJUR
245 _aTRUSTS AND SUCCESSION
_cPALMER.G.E
942 _2udc
_cBK
999 _c40630
_d40630